000
00358nam a2200157Ia 4500
005
20250423094326.0
008
250422s9999 xx 000 0 und d
020
_a
9780290079
050
_a
KP 83.3 .U3/
100
_a
Udom Elijah Udoh
245
0
_a
Adminisprudence
260
_c
1998
300
_a
593 p
650
_a
Behaveioural Approach
942
_c
BK
999
_c
26915
_d
26915